000 00268nam a2200097Ia 4500
001 1168191
005 20250827011834.0
008 250824s9999 xx 000 0 und d
245 0 _aBİTMEYEN İNŞA POSTMODERNİZİM
_cAHMET MELİH KARAUĞUZ
260 _bKETEBE YAYINLARI
999 _c1168191
_d1168191